00510 2200205 4500001002100000005001500021008004100036020002200077035001900099041000700118082000800125090001400133100001600147245001600163250001400179260003300193300002900226500002200255650002700277INLIS00000000002281220241224131349241224||||||||| | ||| |||| || |  a978-979-433-687-8 0010-1224022812 aid0 a813 a813 NOE e0 aAlyson Noel00aEverlasting aImmortals aJakartabMizan Fantasic2012 a21x14 cm, xiv, 394 hlm.; aCet. 1, Buku Enam 0aNovel -- Kesusasteraan